Applied strength of materials
Gespeichert in:
| 1. Verfasser: | |
|---|---|
| Format: | Buch |
| Sprache: | Englisch |
| Veröffentlicht: |
Nueva York
John Wiley
1982
|
| Schlagworte: | |
| Tags: |
Tag hinzufügen
Keine Tags, Fügen Sie den ersten Tag hinzu!
|
MARC
| LEADER | 00000nam a2200000 a 4500 | ||
|---|---|---|---|
| 001 | UCY3823 | ||
| 003 | CL-VaPUC | ||
| 008 | 950118e19820000US |||||||||||||||||eng|d | ||
| 082 | 0 | 4 | |a 620.112 |b NEA |2 21 |
| 100 | |a Neathery, Raymond F. |e author |9 332231 | ||
| 245 | 1 | 0 | |a Applied strength of materials |
| 300 | |a 419 p | ||
| 942 | |c BK | ||
| 945 | |d 19950118 00:00:00 |a mfernand | ||
| 260 | |a Nueva York |b John Wiley |c 1982 | ||
| 650 | 0 | |a Resistencia de materiales |9 260095 | |
| 583 | |a last modification |c 19950118 00:00:00 |k Rodrigo Vera | ||
| 999 | |c 231869 |d 231867 | ||
| 952 | |0 0 |1 0 |4 0 |6 620_112000000000000_NEA_1982 |7 0 |8 CCM |9 235640 |a BIBCUR |b BIBCUR |d 2019-11-15 |i 3056899 |o 620.112 NEA 1982 |p 3056899 |r 2025-04-22 |w 2019-11-15 |y BK |k CIM | ||